| 000 | 00498nam a22001337a 4500 | ||
|---|---|---|---|
| 008 | 230609b |||||||| |||| 00| 0 eng d | ||
| 040 |
_aNational Science Library _cNational Science Library |
||
| 080 |
_a62 _bN6 |
||
| 245 |
_aTransfer of environmentally sound technologies, cooperation & capacity-building: _bA study report _c/ Economic and Social Commission for Asia and the Pacific |
||
| 260 |
_aNew York: _bUnited Nations, _c1996 |
||
| 300 | _avi, 83p. | ||
| 650 | _aScience | ||
| 942 |
_2udc _cREP |
||
| 999 |
_c41590 _d41590 |
||